000 00632nam a2200241Ia 4500
003 OSt
005 20221007072233.0
006 a|||||r|||| 00| 0
007 ta
008 221006b |||||||| |||| 00| 0 eng d
024 _a25,381
037 _cTextual
040 _aFLL
_cFLL
_beng
041 _2eng
_aeng
082 _aZ3:6, H8
100 _aSchmitthoff Clive M.
_9690340
245 0 _aEnglish conflict of laws
250 _a2nd
260 _aLondon
_bSir Isaac Pitman & Sons , Ltd. UK
_c1948
300 _axlix,461p
_ccm.
942 _hZ3:6, H8
_cTEXL
_2CC
999 _c1145518
_d1145518